000
00287nam a2200109Ia 4500
008
190216s9999||||xx |||||||||||||| ||und||
100
_a
Prof.Ramanathan G
245
0
_a
Malayalam-General-Vidyabyasavum Deshiyogranthanvum
260
_b
Vidyarthimithram
650
_a
Malayalam
942
_c
BK
999
_c
26272
_d
26272